| 000 | 00503nam a2200181Ia 4500 | ||
|---|---|---|---|
| 005 | 20250508150928.0 | ||
| 008 | 008 250505s9999 xx 000 0 hin d | ||
| 037 | _aTextual | ||
| 040 |
_aFEDL _beng _cFEDL |
||
| 041 |
_ahin _2hin |
||
| 084 |
_a320.120954, NAR _qFEDL |
||
| 100 |
_aNarender Dev _9406897 |
||
| 245 | 0 | _aRashtriyata aur samajwad | |
| 260 |
_aBanaras, India _bGyan Mandal Limited |
||
| 300 | _a741p | ||
| 942 |
_cTEXL _h320.120954, NAR |
||
| 999 |
_c1326538 _d1326538 |
||